00996nam a2200205 a 450000500170000000800410001702000150005804100080007310000200008124501380010125001050023926000320034430000160037650001860039265300560057865300320063465300500066665300540071670000200077020240514125603.0101001s2005||||sp a f |||| 001 0 spa d a8445813161 aspa1 aRouviere, Henri aAnatomía Humana. Descriptiva, topográfica y funcional.bT.4 Sistema Nervioso Central, Vias y Centros Nerviosos /cHenri Rouviere. a11a ed. en español bTraducción Victor Götzens García. Edición revisada por Vincent Delmas aBarcelona: bMasson;c2005. a408 p.bil. aRouviere, H. y Delmas, A. (2005). Anatomía Humana. Descriptiva, topográfica y funcional. T.4 Sistema Nervioso Central, vías y centros nerviosos. (11a ed.). Barcelona : Masson. aAnatomía descriptiva del sistema nervioso central aSistema nervioso autónomo aMeninges y vasos del sistema nervioso central aAnatomía funcional del sistema nervioso central1 aDelmas, André